| 000 -LEADER |
| fixed length control field |
01721cam a22003494a 4500 |
| 001 - CONTROL NUMBER |
| control field |
13380870 |
| 003 - CONTROL NUMBER IDENTIFIER |
| control field |
NUST |
| 005 - DATE AND TIME OF LATEST TRANSACTION |
| control field |
20171117103536.0 |
| 008 - FIXED-LENGTH DATA ELEMENTS--GENERAL INFORMATION |
| fixed length control field |
031022s2004 nju bf 001 0 eng |
| 010 ## - LIBRARY OF CONGRESS CONTROL NUMBER |
| LC control number |
2003023093 |
| 020 ## - INTERNATIONAL STANDARD BOOK NUMBER |
| International Standard Book Number |
0471455997 (cloth) |
| 040 ## - CATALOGING SOURCE |
| Original cataloging agency |
DLC |
| Transcribing agency |
DLC |
| Modifying agency |
DLC |
| 042 ## - AUTHENTICATION CODE |
| Authentication code |
pcc |
| 050 00 - LIBRARY OF CONGRESS CALL NUMBER |
| Classification number |
TD1060 |
| Item number |
.L44 2004 |
| 082 00 - DEWEY DECIMAL CLASSIFICATION NUMBER |
| Classification number |
628.5 LEH |
| Edition number |
22 |
| 100 1# - MAIN ENTRY--PERSONAL NAME |
| Personal name |
Lehr, Jay H., |
| Dates associated with a name |
1936- |
| 9 (RLIN) |
6484 |
| 245 10 - TITLE STATEMENT |
| Title |
Wiley's remediation technologies handbook : |
| Remainder of title |
major contaminant chemicals and chemical groups / |
| Statement of responsibility, etc. |
Jay H. Lehr. |
| 246 30 - VARYING FORM OF TITLE |
| Title proper/short title |
Remediation technologies handbook |
| 260 ## - PUBLICATION, DISTRIBUTION, ETC. |
| Place of publication, distribution, etc. |
Hoboken, N.J. : |
| Name of publisher, distributor, etc. |
Wiley-Interscience, |
| Date of publication, distribution, etc. |
c2004. |
| 300 ## - PHYSICAL DESCRIPTION |
| Extent |
x, 1271 p. ; |
| Dimensions |
26 cm. + |
| Accompanying material |
1 CD-ROM (4 3/4 in.) |
| 500 ## - GENERAL NOTE |
| General note |
H.B |
| 504 ## - BIBLIOGRAPHY, ETC. NOTE |
| Bibliography, etc. note |
Includes bibliographical references and index. |
| 650 #0 - SUBJECT ADDED ENTRY--TOPICAL TERM |
| Topical term or geographic name entry element |
Hazardous wastes |
| General subdivision |
Purification |
| Form subdivision |
Handbooks, manuals, etc. |
| 9 (RLIN) |
6382 |
| 650 #0 - SUBJECT ADDED ENTRY--TOPICAL TERM |
| Topical term or geographic name entry element |
Hazardous waste site remediation |
| Form subdivision |
Handbooks, manuals, etc. |
| 9 (RLIN) |
6485 |
| 650 #0 - SUBJECT ADDED ENTRY--TOPICAL TERM |
| Topical term or geographic name entry element |
Pollutants |
| Form subdivision |
Handbooks, manuals, etc. |
| 9 (RLIN) |
6486 |
| 650 #0 - SUBJECT ADDED ENTRY--TOPICAL TERM |
| Topical term or geographic name entry element |
Hazardous substances |
| Form subdivision |
Handbooks, manuals, etc. |
| 9 (RLIN) |
6487 |
| 856 42 - ELECTRONIC LOCATION AND ACCESS |
| Materials specified |
Contributor biographical information |
| Uniform Resource Identifier |
<a href="http://www.loc.gov/catdir/bios/wiley047/2003023093.html">http://www.loc.gov/catdir/bios/wiley047/2003023093.html</a> |
| 856 42 - ELECTRONIC LOCATION AND ACCESS |
| Materials specified |
Publisher description |
| Uniform Resource Identifier |
<a href="http://www.loc.gov/catdir/description/wiley041/2003023093.html">http://www.loc.gov/catdir/description/wiley041/2003023093.html</a> |
| 856 41 - ELECTRONIC LOCATION AND ACCESS |
| Materials specified |
Table of contents |
| Uniform Resource Identifier |
<a href="http://www.loc.gov/catdir/toc/wiley041/2003023093.html">http://www.loc.gov/catdir/toc/wiley041/2003023093.html</a> |
| 856 42 - ELECTRONIC LOCATION AND ACCESS |
| Materials specified |
Book review (E-STREAMS) |
| Uniform Resource Identifier |
<a href="http://www.e-streams.com/es0802/es0802_3902.html">http://www.e-streams.com/es0802/es0802_3902.html</a> |
| 906 ## - LOCAL DATA ELEMENT F, LDF (RLIN) |
| a |
7 |
| b |
cbc |
| c |
orignew |
| d |
1 |
| e |
ecip |
| f |
20 |
| g |
y-gencatlg |
| 942 ## - ADDED ENTRY ELEMENTS (KOHA) |
| Source of classification or shelving scheme |
|
| Koha item type |
Book |
| Call number prefix |
IESE |